000 00240nam a2200109Ia 4500
008 190216s9999||||xx |||||||||||||| ||und||
100 _aThomas P J
245 0 _aIbsande Lookathiloode
260 _bNull
650 _aOormakurip
942 _cBK
999 _c25382
_d25382